000
00280nam a22001217a 4500
020
_a
9781926686639
082
_a
628.168
_b
PAL/WA
100
_a
Palmer, Emmanuel
_9
185
245
_a
Water Pollution
260
_a
Canada
_b
Apple Academic Press
_c
2010
300
_a
320
942
_c
BK
999
_c
14156
_d
14156